000 04677cam a22013454i 4500
003 PE-LiUPU
005 20250813185607.0
008 150706s2010 sp a rb 000 0 spa d
020 _a9788497567053
035 _a(Sirsi) i9788497567053
040 _aPE-LiUPU
_bspa
_cPE-LiUPU
_erda
049 _aPRUA
082 0 4 _a372.611
_bV62
_221
100 1 _aVicente Pérez, Francisco de,
_eautor.
245 1 0 _aPsicología del aprendizaje /
_cFrancisco de Vicente Pérez.
264 1 _aMadrid, España :
_bSíntesis,
_c2010.
300 _a301 páginas :
_bilustraciones ;
_c23 centimetros
336 _atext
_2rdacontent
337 _aunmediated
_2rdamedia
338 _avolume
_2rdacarrier
490 0 _aBiblioteca de psicología ;
_v10
504 _aIncluye bibliografía.
505 0 _a¿Qué es el aprendizaje? -- Aprendizaje no asociativo: habitación y sensibilización -- Condicionamiento clásico -- Condiciones del entrenamiento que afectan al condicionamiento clásico -- Aspectos teóricos del condicionamiento clásico -- Condicionamiento instrumental -- Programas de reforzamiento -- Control aversivo de la conducta -- Procesos de generalización y discriminación -- Aprendizaje social.
526 _aP202
526 _aP201
526 _aP163
526 _aP162
526 _aP161
526 _aP160
526 _aP148
526 _aP147
526 _aP146
526 _aP145
526 _aP144
526 _aP143
526 _aP142
526 _aP141
526 _aP140
526 _aP139
526 _aP138
526 _aP137
526 _aP136
526 _aP135
526 _aP134
526 _aP133
526 _aP129
526 _aP128
526 _aP127
526 _aP120
526 _aP119
526 _aP118
526 _aP116
526 _aP115
526 _aP114
526 _aP110
526 _aP109
526 _aP108
526 _aP104
526 _aP103
526 _aP102
526 _aP99
526 _aP98
526 _aP97
526 _aP96
526 _aP95
526 _aP93
526 _aP90
526 _aP89
526 _aP88
526 _aP83
526 _aP82
526 _aP62
526 _aP59
526 _aP58
526 _aP57
526 _aP51
526 _aP49
526 _aP48
526 _aP47
526 _aP29
526 _aP24
526 _aP20
526 _aP19
526 _aP17
526 _aP15
526 _aP14
526 _aP12
526 _aP10
526 _aP09
526 _aP08
526 _aP07
526 _aP06
526 _aP05
526 _aP04
526 _aP01
541 _g001-003364;
541 _g001-003032;
541 _g001-003081 ;
541 _g0020-0000823;
541 _g001-003179;
_FJ00345.
650 0 4 _aAprendizaje.
910 _agl20110907
910 _armch
_btqv
_cwelc
_d20160609
942 _2ddc
_cBOOK
949 _a372.611 V62
_wDEWEY
_c1
_i63624
_lCCODEBUL1
_mBUL
_p39.00
_r0
_sY
_tBOOK
_u2015-7-6
_xSALUD
_PP33
_o.STAFF. Colección General
949 _a372.611 V62
_wDEWEY
_c1
_iFJ00345
_lCCODEBUJ1
_mBUJ
_p46.25
_r0
_sY
_tBOOK
_u2016-06-09
_xSALUD
_PP33
_0COMPRA
_o.STAFF. Colección General Juliaca
949 _a372.611 V62
_wDEWEY
_c2
_iFJ00453
_lCCODEBUJ1
_mBUJ
_p46.25
_r0
_sY
_tBOOK
_u2016-06-15
_xSALUD
_PP33
_0COMPRA
_o.STAFF. Colección General Juliaca
994 _aC0
_bPEPRU
596 _a1 3
999 _a372.611 V62
_wDEWEY
_c52533
_i63624
_d52533
_e2018-10-16
_f2021-11-8
_g5
_lCCODEBUL1
_mBUL
_n2
_p39.00
_q7
_r0
_sN
_tBOOK
_u2015-7-6
_xEDUCACION
_PP33
_0COMPRA
_o.STAFF. Colección General
999 _a372.611 V62
_wDEWEY
_c2
_i72175
_d2019-5-21
_e2019-5-7
_f2021-11-8
_g5
_lCCODEBUL1
_mBUL
_n6
_p45.29
_q3
_r0
_sY
_tBOOK
_u2015-11-25
_xEDUCACION
_PP20
_0COMPRA
_o.STAFF. Colección General
999 _aPGE 372.611 V62
_wDEWEY
_c1
_i72296
_f2021-11-8
_g5
_lCCODEBUL1
_mBUL
_p57.10
_r0
_sY
_tBOOK
_u2016-1-15
_xEDUCACION
_PP57
_0COMPRA
_o.STAFF. Posgrado
999 _a372.611 V62
_wDEWEY
_c1
_iFJ00345
_d2019-6-14
_e2019-3-14
_f2022-1-18
_g3
_lCCODEBUJ1
_mBUJ
_n5
_p46.25
_q8
_r0
_sY
_tBOOK
_u2016-6-9
_xSALUD
_PP33
_0COMPRA
_o.STAFF. Colección General Juliaca
999 _a372.611 V62
_wDEWEY
_c2
_iFJ00453
_d2019-5-14
_e2018-5-20
_f2022-1-18
_g3
_lCCODEBUJ1
_mBUJ
_n7
_p45.30
_q2
_r0
_sY
_tBOOK
_u2016-6-28
_xSALUD
_PP33
_0COMPRA
_o.STAFF. Colección General Juliaca
980 _81
_gALBERTO SANCHEZ Responsable de Automatización